Todas las comarcas de España - Estadísticas

Estadísticas generales
  • Esta prueba ha sido intentada 431 veces
    429 desde el último reinicio
  • La puntuación promedio es 71 de 495
Respuestas en el mapa
Las respuestas están codificadas por una escala verde-roja en el mapa de la prueba según el % correcto abajo.
 
Estadísticas de respuestas
Comarca % Correcto
Madrid
61%
El Pla
51%
Sevilla
51%
Valencia
51%
Málaga
49%
Alicante
48%
La Bahia de Cádiz
48%
La Palma
48%
Menorca
48%
Zaragoza
46%
Almería
44%
Badajoz
43%
Córdoba
43%
Huelva
43%
Vigo
43%
Cáceres
42%
Granada
42%
A Coruña
41%
El Barcelonés
41%
Jaén
40%
La Comunidad de Teruel
40%
Lugo
40%
Soria
40%
Valladolid
40%
Albacete
39%
El Baix Llobregat
39%
El Hierro
39%
Gran Canaria
39%
La Gomera
39%
Toledo
39%
Burgos
38%
La Val d'Aran
38%
Fuerteventura
37%
El Gironés
36%
Lanzarote
36%
Merida
36%
Pontevedra
36%
El Bierzo
35%
El Tarragones
35%
Ourense
35%
Segovia
34%
El Maresme
33%
El Vallès Occidental
33%
El Vallès Oriental
33%
La Baix Ebre
33%
Santander
33%
Anoia
32%
Ferrol
32%
Salamanca
32%
La Cerdanya
31%
Urgell
31%
Alt Emporda
30%
El Baix Emporda
30%
El Baix Penedès
30%
La Costa del Sol
30%
La Selva
30%
Logroño
30%
O Condado
30%
Alt Camp
29%
Alt Penedès
29%
El Baix Camp
29%
El Berguedà
28%
El Campo de Gibraltar
28%
El Montsià
28%
El Pallars Jussà
28%
El Pallars Sobirà
28%
El Ripollès
28%
La Cerdanya
28%
La Hoya de Huesca
28%
La Noguera
28%
La Ribera Alta
28%
Osona
28%
El Pla d'Urgell
27%
El Garraf
27%
El Solsones
27%
La Garrotxa
27%
Alta Ribagorça
26%
Alt Urgell
26%
El Segria
26%
La Ribagorza
26%
La Ribera Baja
26%
La Terra Alta
26%
El Bages
25%
Olivenza
25%
Plasencia
25%
El Moianès
24%
El Pla de l'Estany
24%
Los Monegros
24%
Priorat
24%
La Alpujarra
23%
La Marina Alta
23%
Les Garrigues
23%
Talavera
23%
Avilés
22%
Ebro
22%
El Safor
22%
Horta Nord
22%
La Ribera d'Ebre
22%
La Segarra
22%
La Sierra Morena
22%
Santiago de Compostela
22%
Alt Maestrat
21%
Astorga
21%
Calatayud
21%
El Alto Vinalopó
21%
Horta Sur
21%
La Marina Baixa
21%
Baix Maestrat
20%
Baza
20%
Ciudad Rodrigo
20%
El Maestrazgo
20%
El Sobrarbe
20%
Ibiza y Formentera
20%
La Axarquia
20%
La Costa Tropical
20%
La Plana Alta
20%
Las Vegas
20%
La Tramuntana
20%
Los Velez
20%
Tenerife Norte
20%
Tenerife Sur
20%
Antequera
19%
Aranda
19%
Ceuta
19%
El Bajo Aragon
19%
Haro
19%
La Costera
19%
La Jacetania
19%
La Plana Baixa
19%
La Vera
19%
Mallorca
19%
Sanabria
19%
Alto Palancia
18%
El Aljarafe
18%
El Bajo Cinca
18%
Fisterra
18%
Hoya de Bunol
18%
Las Cinco Villas
18%
La Sierra Norte de Sevilla
18%
La Sierra Sur Sevillana
18%
Los Montes de Toledo
18%
Melilla
18%
Rincón de Ademuz
18%
Alcoia
17%
Bajo Segura
17%
Betanzos
17%
Camp de Morvedre
17%
El Alto Gállego
17%
El Andévalo
17%
Els Ports
17%
La Costa Occidental
17%
La Matarraña
17%
La Rioja Alavesa
17%
La Sagra
17%
La Serena
17%
La Vall d'Albaida
17%
Poniente Almeriense
17%
Trujillo
17%
Vinalopó Mitjà
17%
El Campo de Calatrava
16%
Horta Oest
16%
La Mancha de Albacete
16%
La Sierra de Cazorla
16%
Las Merindades
16%
Levante Almeriense
16%
Los Serranos
16%
Verin
16%
Alto Mijares
15%
A Terra Cha
15%
El Camp de Turia
15%
El Campo de Belchite
15%
El Campo de Cartagena
15%
El Condado de Treviño
15%
El Somontano de Barbastro
15%
La Janda
15%
La Jara
15%
La Loja
15%
La Mancha de Ciudad Real
15%
La Mancha de Toledo
15%
La Serranía de Ronda
15%
La Sierra de Cádiz
15%
La Sierra de Segura
15%
La Sierra Magina
15%
La Tierra del Vino
15%
O Sar
15%
Requena Utiel
15%
Sierra de Segura
15%
Tierra del Vino
15%
Valle del Jerte
15%
Alcúdia
14%
La Campiña de Jerez
14%
La Litera
14%
Las Cuencas Mineras
14%
La Sierra de Albarracin
14%
La Sierra de Huelva
14%
Alcalaten
13%
A Limia
13%
A Mariña Occidental
13%
Arnedo
13%
Arzúa
13%
El Canal de Navarres
13%
El Cinca Medio
13%
El Moncayo
13%
El Valle de Cofrentes
13%
La Montaña Palentina
13%
La Siberia
13%
Medinaceli
13%
Noia
13%
Sarria
13%
Alhama
12%
Almazán
12%
A Mariña Central
12%
A Mariña Oriental
12%
A Ulloa
12%
El Campo de Montiel
12%
El Condado de Huelva
12%
El Jiloca
12%
Gúdar-Javalambre
12%
La Alcarria de Guadalajara
12%
La Conca del Barberà
12%
Las Hurdes
12%
La Subbetica
12%
La Tierra de Barros
12%
La Tierra del Pan
12%
Ordes
12%
O Salnes
12%
Baixa Limia
11%
Bergantiños
11%
Calahorra
11%
Donostialdea
11%
El Campo de Borja
11%
Eonavia
11%
Hellin
11%
La Costa Oriental
11%
La Manchuela de Albacete
11%
La Manchuela de Cuenca
11%
La Sierra de Francia
11%
Las Villas
11%
Nájera
11%
O Eume
11%
Os Ancares
11%
Santo Domingo
11%
Bidasoa
10%
Comarca Central
10%
El Campo de Daroca
10%
El Llevant
10%
El Señorio de Molina
10%
El Valle de Lecrín
10%
El Valle de Los Pedroches
10%
La Alcarria de Cuenca
10%
La Bañeza
10%
La Bureba
10%
La Campiña de Jaen
10%
Liebana
10%
A Fonsagrada
9%
Alfaro
9%
A Terra de Lemos
9%
Barbanza
9%
Bilboaldea
9%
Deza
9%
El Campo de Cariñena
9%
El Cerrato Palentino
9%
El Condado de Jaén
9%
El Tarazona y el Moncayo
9%
Huerta de Murcia
9%
La Alpujarra de Granada
9%
La Cabrera
9%
La Campiña de Carmona
9%
Las Arribes
9%
La Tierra de Pinares
9%
O Morrazo
9%
Ortigueira
9%
Sanguesa
9%
Sayago
9%
Sierra de Gata
9%
Torrijos
9%
Valle del Almanzora
9%
Valle del Guadiato
9%
Vega Alta
9%
Aliste
8%
Andorra y la Sierra de Arcos
8%
Costa Noroeste
8%
El Bajo Martin
8%
Ezcaray
8%
Guijuelo
8%
La Campiña Sur
8%
La Loma
8%
La Mesa de Ocaña
8%
La Moraña
8%
La Sierra de la Demanda
8%
Las Vegas Altas
8%
Nororma
8%
O Ribeiro
8%
Quiroga
8%
Sierra Norte de Madrid
8%
Valle del Guadalhorce
8%
Alburquerque
7%
A Terra de Celanova
7%
A Terra de Melide
7%
Berlanga
7%
Besaya
7%
Caldas
7%
Chantada
7%
La Montaña de Riaño
7%
El Altiplano
7%
El Bajo Aragon-Caspe
7%
El Valdejalon
7%
La Campana
7%
La Campiña de Baena
7%
La Sierra de Bejar
7%
La Sierra de Jaen
7%
La Tentudia
7%
Llerena
7%
Los Montes de Oca
7%
Los Montes de Toledo de Ciudad Real
7%
Meira
7%
Montoro
7%
Mora
7%
Sahagún
7%
Viana
7%
Xallas
7%
A Barcala
6%
Arlanza
6%
A Terra de Soneira
6%
Cabo Peñas
6%
Cervera
6%
Durangaldea
6%
El Alto Guadalentin
6%
El Bajo Guadalentin
6%
El Barco
6%
El Campo Arañuelo
6%
Goierri
6%
Guadalteba
6%
La Campiña de Guadalajara
6%
La Campiña de Moron y Marchena
6%
La Cuenca Alta del Manzanares
6%
La Cuenca del Henares
6%
La Mancha Baja de Cuenca
6%
La Ribera Estellesa
6%
La Sagra de Madrid
6%
La Serranía Alta
6%
La Serranía Baja
6%
La Sidra
6%
La Sierra de San Vicente
6%
La Sierra Oeste de Madrid
6%
Las Tierras del Burgo
6%
La Tierra de Alba
6%
La Tierra de Medina
6%
Los Filabres-Tabernas
6%
Los Ibores
6%
Montaña Alavesa
6%
Montaña de Luna
6%
Oriente de Asturias
6%
Riaza
6%
Saja Nansa
6%
Sakana
6%
Sepulveda
6%
Tolosaldea
6%
Trasmiera
6%
Valle del Ambroz
6%
Vega Media
6%
Allariz Maceda
5%
Benavente y Los Valles
5%
Camero Nuevo
5%
Camero Viejo
5%
Comptat de Cocentaina
5%
El Campo de Peñafiel
5%
El Migjorn
5%
La Armuña
5%
La Serranía Media
5%
La Sierra Norte de Jaen
5%
Las Villuercas
5%
La Tierra de Peñaranda
5%
Montaña Central
5%
Terra de Trives
5%
Uribekosta
5%
Vaqueira
5%
Zona Media
5%
Anguiano
4%
Ason Aguera
4%
A Terra de Caldelas
4%
Busturialdea
4%
Camin Real de la Mesa
4%
Debabarrena
4%
Debagoiena
4%
El Alfoz de Toro
4%
El Bajo Nalon
4%
El Bajo Vinapolo
4%
El Monte Iberico
4%
El Páramo Leonés
4%
El Raiguer
4%
El Valle de Ricote
4%
El Valle Medio Guadalquivir
4%
Enkarterriak
4%
Fuentes del Narcea
4%
La Alcarria de Brihuega
4%
La Cijara
4%
La Cuenca del Jarama
4%
La Sierra Suroeste
4%
Las Miajadas
4%
La Tierra de Campos Vallisoletana
4%
La Tierra de Ledesma
4%
La Tierra de Tabara
4%
Los Montes Torozos
4%
Los Pinares de Soria
4%
Monfrague
4%
Montánchez
4%
Montejurra
4%
O Baixo Minho
4%
Río Bodión
4%
Rio Mula
4%
Tierra de León
4%
Urolakosta
4%
Valdizarbe Novenera
4%
Valle del Alberche
4%
Zona Metropolitana
4%
Arratia-Nerbioi
3%
Axitania
3%
Campo los Valles
3%
Carballo
3%
El Bajo Quadalquivir
3%
El Valle de Ambles y Ávila
3%
Granadilla
3%
Hiéscar
3%
La Campiña de Écua
3%
La Costa Occidental de Huelva
3%
La Cuenca del Guaddarama
3%
La Guareña
3%
La Mancha Alta del Cuenca
3%
La Ribera Baja de Ebro
3%
La Ribera del Duero de Burgos
3%
La Sierra de Alcatraz y el Campo de Montiel
3%
La Tierra de Campos Zamorana
3%
La Tierra de Pinares de Palencia
3%
La Tierra de Pinares de Segovia
3%
La Vega del Quadalquivir
3%
Lea Artibai
3%
Los Montes de Iznalloz
3%
Pas Miera
3%
Prepirineo de Navarra
3%
Sierra de Atienza y Siguenza
3%
Sierra de San Pedro
3%
Tabeiros a Terra de Montes
3%
Tajo Salor
3%
Valdeoras
3%
Valle del Nalon
3%
Valles Alaveses
3%
A Paradenta
2%
Bidasoa-Txingudi
2%
Cantabria Alavesa
2%
El Campo de Ribatajada
2%
El Campo Gómara
2%
El Noreste de Murcia
2%
Esla-Campos
2%
La Ribera Alta del Duero
2%
La Ribera de Ebro de Navarra
2%
Las Tierra Altas de Soria
2%
La Tierra de Pinares de Valladolid
2%
Llenada Alavesa
2%
Murcia Oriental
2%
Pirineos de Navarra
2%
Santa Maria de Nieva
2%
Sierra de Tamajon
2%
Valle del Tierar
2%
Vegas de Alagon
2%
Vega Valdavia
2%
Arga Pamplona
1%
Arga Valles
1%
El Valle de Sedano y las Loras
1%
La Carbadella
1%
La Jara de Anchuras
1%
Larraun Leitzaran
1%
Las Estribaciones de Gorbea
1%
Los Peramos de Odra
1%
Peramos de Esgueva
1%
No se encontraron pruebas coincidentes
Distribución de puntuación
Porcentaje de gente con cada puntuación
Porcentaje por número respondido
Historial de tus puntuaciones
No has intentado esta prueba desde el último reinicio